000 01217cam a22002294a 4500
005 20250605164253.0
008 250528s ||||||||||||||||||||||||d
035 _a21813
020 _a9789603683964
040 _aGR-AtMCL
_bgre
_dGR-AtMCL
_eAACR2
245 1 _aΤΕΧΝΙΚΕΣ ΟΙΚΟΓΕΝΕΙΑΚΗΣ ΘΕΡΑΠΕΙΑΣ
250 _a1
260 _bΕρευνητές,
_c2007
300 _a323
505 0 _aΑΥΘΟΡΜΗΤΙΣΜΟΣ ΟΙΚΟΓΕΝΕΙΣ ΕΝΩΣΗ ΣΧΕΔΙΑΣΜΟΣ ΑΛΛΑΓΗ ΑΝΑΠΛΑΙΣΙΩΣΗ ΑΝΑΠΑΡΑΣΤΑΣΗ ΕΣΤΙΑΣΗ ΕΝΤΑΣΗ ΑΝΑΔΟΜΗΣΗ ΟΡΙΑ ΑΠΟΣΤΑΘΕΡΟΠΟΙΗΣΗ ΣΥΜΠΛΗΡΩΜΑΤΙΚΟΤΗΤΑ ΠΡΑΓΜΑΤΙΚΟΤΗΤΕΣ ΚΑΤΑΣΚΕΥΕΣ
520 _aΑΥΘΟΡΜΗΤΙΣΜΟΣ ΟΙΚΟΓΕΝΕΙΣ ΕΝΩΣΗ ΣΧΕΔΙΑΣΜΟΣ ΑΛΛΑΓΗ ΑΝΑΠΛΑΙΣΙΩΣΗ ΑΝΑΠΑΡΑΣΤΑΣΗ ΕΣΤΙΑΣΗ ΕΝΤΑΣΗ ΑΝΑΔΟΜΗΣΗ ΟΡΙΑ ΑΠΟΣΤΑΘΕΡΟΠΟΙΗΣΗ ΣΥΜΠΛΗΡΩΜΑΤΙΚΟΤΗΤΑ ΠΡΑΓΜΑΤΙΚΟΤΗΤΕΣ ΚΑΤΑΣΚΕΥΕΣ
700 1 _aFishman H. Charles
_97728
700 1 _aMinuchin Salvador
_97715
942 _cBK
999 _c6872
_d6872